| 000 | 00862nam a2200241 i 4500 | ||
|---|---|---|---|
| 001 | 91225 | ||
| 003 | ES-MaACL | ||
| 005 | 20230906180653.0 | ||
| 007 | t| | ||
| 008 | 160628s1881 sp ||||1| spa d | ||
| 110 | 1 |
_aCuba (Capitanía General) _9160009 |
|
| 240 | 1 | 0 | _aLey de imprenta para la isla de Cuba, 1879 |
| 245 | 1 | 0 | _aLey de Imprenta para la isla de Cuba. |
| 250 | _aEd. oficial. | ||
| 260 |
_a[S.l. : _bs.n.], _c1881 ( _eMadrid : _fImp. Nacional) |
||
| 300 |
_a28 p. ; _c21 cm. |
||
| 530 | _aDisponible en formato digital. | ||
| 650 | 4 |
_aPrensa- _xDerecho- _zCuba. _9171792 |
|
| 650 | 4 |
_aImprenta- _xDerecho y legislación- _zCuba. _9171793 |
|
| 710 | 1 |
_aEspaña. _tLey de imprenta para la isla de Cuba, 1879. _9160011 |
|
| 852 |
_aES-MaACL _jT-419-F-7 |
||
| 856 |
_uhttp://bdh-rd.bne.es/viewer.vm?id=0000114825&page=1 _zBiblioteca Digital Hispánica |
||
| 999 |
_c91225 _d91225 |
||